|
|
|
|
| LEADER |
00000cam a2200000 7i4500 |
| 001 |
0000008876 |
| 002 |
000009675 |
| 005 |
20011019.0 |
| 020 |
|
|
|a 9838380733
|
| 090 |
0 |
0 |
|a 297.61
|b ABD
|
| 100 |
0 |
|
|a Abdullah bin As'ad Ali
|
| 245 |
1 |
0 |
|a Kisah wali-wali Allah (3)
|c Abdullah Bin Asad Ali
|
| 260 |
|
|
|a Kuala Lumpur :
|b Syarikat Nurulhas ,
|c 19--?
|
| 300 |
|
|
|a 200p. ;
|c 19cm.
|
| 650 |
0 |
0 |
|a Sufis
|
| 999 |
|
|
|a 043946
|b BUKU
|c PINJAMAN
|e PERPUSTAKAAN KOMUNITI PETALING JAYA
|
| 999 |
|
|
|a 046381
|b BUKU
|c PINJAMAN
|e PERPUSTAKAAN KOMUNITI CAW KOTA DAMANSARA
|
| 999 |
|
|
|a 046382
|b BUKU
|c PINJAMAN
|e PERPUSTAKAAN KOMUNITI PETALING JAYA
|